U.S. Geography by Letter - A - Statistics

General Stats
  • This quiz has been taken 63,738 times
    21,607 since last reset
  • The average score is 14 of 20
Answer Stats
Clue Answer % Correct
Largest U.S. state by area Alaska
99%
"The Grand Canyon State" Arizona
96%
Capital of Texas Austin
94%
State whose name contains the name of another state Arkansas
89%
Most populous city in the above state Anchorage
88%
Island in San Francisco Bay that once housed a prison Alcatraz
86%
City with the world's busiest airport Atlanta
85%
Capital of New York state Albany
83%
Mountain range stretching from Georgia into Canada Appalachian
78%
San Antonio mission where Mexico defeated Texas The Alamo
76%
Colorado ski town named for a type of tree Aspen
74%
Suburb of Los Angeles home to Disneyland Anaheim
71%
Cemetery where John F. Kennedy is buried Arlington
71%
City which hosts the Masters golf tournament Augusta
57%
Island chain which is 1,200 miles long and has 57 volcanoes {Aleutian} Islands
52%
Has the world's longest boardwalk Atlantic City
50%
City home to the U.S. Naval Academy Annapolis
49%
Mountain range in New York which a type of chair is named for Adirondack Mountains
44%
National Park in Maine Acadia
36%
City in North Carolina home to Biltmore, a Vanderbilt mansion Asheville
34%
No matching quizzes found
Score Distribution
Percent of People with Each Score
Percentile by Number Answered
Your Score History
You have not taken this quiz since the last reset